[Event "EICC 2017"]
[Site "Minsk"]
[Date "2017.06.06"]
[Round "7"]
[White "Macieja, Bartlomiej"]
[Black "Koksal, Ege"]
[Result "1/2-1/2"]
[WhiteElo "2530"]
[BlackElo "2405"]
[Annotator "TA"]
[PlyCount "85"]
[EventDate "2017.??.??"]
[EventCountry "BLR"]
[SourceTitle "playchess.com"]
[Source "ChessBase"]
[SourceQuality "1"]

{[%evp 12,85,21,5,23,19,19,9,18,18,35,36,33,32,44,47,45,20,30,32,30,43,34,33,40,21,19,0,17,-14,35,37,38,25,45,8,11,0,6,0,45,20,13,0,0,0,0,0,0,0,0,0,0,0,0,0,0,0,0,0,0,0,0,0,0,0,0,0,0,0,0,0,0,0,0,0]} 1. d4 Nf6 2. c4 e6 3. Nf3 b6 4. g3 Bb7 5. Bg2 Be7 6. O-O O-O 7. Bf4 {LiveBook: 65 Games} Nh5 $146 {E17: Queen's Indian: 4 g3 Bb7 5 Bg2 Be7} (7... d6 8. Nc3 Ne4 9. Rc1 Bf6 10. Nxe4 Bxe4 11. Qb3 Qe7 12. Rfd1 e5 13. dxe5 dxe5 14. Be3 Nc6 15. c5 Rad8 16. cxb6 cxb6 {1-0 (53) Laznicka,V (2676)-Lysyj,I (2671) Poikovsky 2015}) 8. Be3 Nf6 9. Nc3 Ne4 10. Rc1 (10. Qd3 $5 {[%cal Rc3e4]} Nxc3 11. Qxc3 $14 (11. bxc3 d5 $11)) 10... Bf6 11. Qd3 Nxc3 12. Rxc3 Nc6 13. Rd1 Qe7 14. a3 e5 {[#] aiming for ...e4.} 15. dxe5 Bxe5 16. Rc2 (16. Ng5 $5 {[%cal Rd3h7]} g6 17. Rc2 $14 (17. Qxd7 $2 Rad8 $19)) 16... d6 17. Ng5 {[%csl Gg5][%cal Rd3h7]} g6 18. b4 Bg7 19. Qe4 Qf6 {[#] ...h6 is the strong threat.} 20. Qf4 (20. Qh4 $5 {[%cal Rh4h7]} h6 21. Nf3 $11) 20... Qe7 21. Bd5 Rae8 22. h4 Nd8 23. c5 dxc5 24. bxc5 {Threatens to win with Bxb7.} Bxd5 25. Rxd5 Ne6 26. Qa4 {Strongly threatening Rd7.} Rd8 {The position is equal.} 27. Rcd2 Nxc5 28. Bxc5 bxc5 29. e3 h6 {And now ...Rxd5 would win.} 30. Ne4 Bd4 31. Rxd8 Rxd8 32. Qc6 Re8 33. exd4 Qxe4 34. Qxe4 Rxe4 35. dxc5 $11 {[%mdl 4096] Endgame KR-KR} Ra4 36. Rd7 Rxa3 37. Rxc7 Ra1+ 38. Kg2 a5 39. Ra7 a4 40. c6 Rc1 41. c7 {Hoping for Ra8+.} Kg7 42. Kf3 a3 43. Rxa3 {Precision: White = 44%, Black = 71%.} 1/2-1/2

[Event "EICC 2017"]
[Site "Minsk"]
[Date "2017.06.06"]
[Round "7"]
[White "Djukic, Nikola"]
[Black "Meribanov, Vitaly"]
[Result "1/2-1/2"]
[WhiteElo "2526"]
[BlackElo "2385"]
[Annotator "TA"]
[PlyCount "69"]
[EventDate "2017.??.??"]
[EventCountry "BLR"]
[SourceTitle "playchess.com"]
[Source "ChessBase"]
[SourceQuality "1"]

{[%evp 32,69,0,0,0,0,16,0,13,22,33,17,35,39,35,31,43,0,0,0,0,0,0,0,14,0,0,0,0,0,0,-102,0,0,0,0,0,0,0,0]} 1. e4 c5 2. Nf3 Nc6 3. d4 cxd4 4. Nxd4 Nf6 5. Nc3 e5 6. Ndb5 {[%cal Bd4b5,Bb5a3,Ba3c2,Bc2b4,Bb4d5][%mdl 32]} d6 7. Bg5 a6 8. Na3 b5 9. Nd5 Be7 10. Bxf6 Bxf6 11. c3 Bg5 12. Nc2 Ne7 13. Ncb4 O-O 14. Be2 a5 {B33: Sicilian: Pelikan and Sveshnikov Variations} 15. Nxe7+ Qxe7 16. Nd5 Qb7 17. Qd3 {LiveBook: 29 Games} Bd7 18. O-O Bc6 19. Rad1 (19. Rfd1 b4 20. Qg3 Bxd5 21. Rxd5 Be7 22. c4 {1-0 (49) Naiditsch,A (2685)-Fier,A (2636) Linares 2015}) 19... b4 $146 ({Predecessor:} 19... Rfc8 20. Qg3 Bh6 21. Qh4 Kh8 22. Ne7 Rd8 23. Nf5 d5 24. Nxh6 {1-0 (24) Froeberg,H-Kurki Suonio,M Finland 1997}) 20. Qg3 Bd8 21. Bc4 Rc8 22. Qd3 {[#] Ba6 is the strong threat.} Bxd5 23. Bxd5 Qb8 24. f4 bxc3 25. bxc3 exf4 26. Rxf4 Bf6 27. c4 Qb2 28. Rb1 (28. Rf2 $5 {[%cal Rf2b2]} Qb6 29. g3 $11) 28... Qxa2 {[#]} 29. c5 $1 {[%mdl 512]} Qa4 (29... Rxc5 30. Bxa2) 30. Rxf6 gxf6 31. Qg3+ $1 Kh8 32. Qc3 {The position is equal.} dxc5 33. Qxf6+ Kg8 34. Qg5+ Kh8 {Strongly threatening ...Qd4+.} 35. Qf6+ {Precision: White = 78%, Black = 66%.} 1/2-1/2

[Event "EICC 2017"]
[Site "Minsk"]
[Date "2017.06.06"]
[Round "7"]
[White "Gorovets, Andrey"]
[Black "Filipets, Egor"]
[Result "1-0"]
[WhiteElo "2524"]
[BlackElo "2328"]
[Annotator "TA"]
[PlyCount "75"]
[EventDate "2017.??.??"]
[EventCountry "BLR"]
[SourceTitle "playchess.com"]
[Source "ChessBase"]
[SourceQuality "1"]

{[%evp 12,75,8,7,20,9,9,1,12,-25,27,27,54,55,87,65,73,68,81,87,116,120,127,119,152,139,156,140,132,131,152,69,115,108,115,104,147,135,154,144,154,165,195,191,173,161,318,350,329,324,1884,1957,1797,1508,29993,734,654,650,620,540,521,482,863,879,29981,29982]} 1. d4 f5 2. Nc3 Nf6 3. Bg5 d5 4. Bxf6 exf6 5. e3 Be6 6. Bd3 Nc6 7. a3 Qd7 {A80: Dutch Defence: Unusual White second moves} 8. Nge2 g5 9. f4 Bd6 {The position is equal.} 10. O-O $146 ({Predecessor:} 10. Qd2 h6 11. O-O g4 12. Rfc1 a6 13. Nd1 Ne7 14. b3 Kf7 15. c4 {½-½ (30) Iturrizaga Bonelli,E (2627)-Nakamura,H (2778) Istanbul 2012}) 10... O-O-O (10... h5 $142) 11. Na4 $11 Qe7 12. Qd2 Rhf8 13. b4 Rde8 14. Rae1 Kb8 15. Nc5 Bc8 {[#]} 16. Ng3 $1 gxf4 17. exf4 Qg7 18. Nxf5 Qg4 19. h3 Qg8 20. Qf2 Ne7 21. Nxe7 ({Better is} 21. Nxd6 $16 cxd6 22. Na4) 21... Bxe7 22. Qh4 Rf7 23. Re2 Bxc5 24. dxc5 Rxe2 25. Bxe2 Bf5 26. Bd3 Qg6 27. Bxf5 Qxf5 $18 {[%mdl 4096] Endgame KQR-KQR} 28. Re1 {Black must now prevent Re8+.} a5 $2 (28... Rf8 29. Re7 a6) 29. Re8+ Ka7 30. Qf2 {Threatening mate with c6+.} c6 $2 {[#]} (30... d4 31. Qxd4 Rd7) 31. b5 $1 {[%mdl 512]} cxb5 32. g4 Qg6 33. Qd2 (33. Qe1 $142 b6 34. Qe6 f5 35. Qc8 bxc5 36. Qa8+ Kb6 37. Rb8+ Kc7 38. Rb7+ Kd6 39. Qa6#) 33... b4 34. axb4 {White wants to mate with b5.} Rd7 35. Re6 {Strongly threatening b5.} Qg8 36. f5 {Threatens to win with b5.} Qb8 (36... Qc8 $142 37. Qd4 Kb8 38. bxa5 Rc7 39. Qxf6 Rxc5 40. Qe5+ Ka7) 37. Kg2 axb4 38. Qd4 {Precision: White = 64%, Black = 44%.} 1-0

[Event "EICC 2017"]
[Site "Minsk"]
[Date "2017.06.06"]
[Round "7"]
[White "Sanikidze, Tornike"]
[Black "Korobov, Anton"]
[Result "1-0"]
[WhiteElo "2518"]
[BlackElo "2688"]
[Annotator "TA"]
[PlyCount "67"]
[EventDate "2017.??.??"]
[EventCountry "BLR"]
[SourceTitle "playchess.com"]
[Source "ChessBase"]
[SourceQuality "1"]

{[%evp 11,67,24,26,18,25,16,12,18,15,0,0,0,0,0,0,0,0,0,0,0,0,0,21,0,0,0,139,138,140,137,147,151,152,147,145,152,175,167,285,265,295,135,332,338,338,215,450,461,449,422,541,567,792,776,29982,1541,1312,1167]} 1. d4 Nf6 2. c4 e6 3. Nf3 b6 4. a3 Ba6 5. Qb3 Be7 6. Nc3 {E12: Queen's Indian: Unusual White 4th moves, 4 a3, 4 Nc3 Bb7 5 a3 and 4 Nc3 Bb7} Bb7 {LiveBook: 9 Games} 7. Bf4 O-O 8. Rd1 {White has an edge.} d5 9. e3 Nbd7 10. cxd5 Nxd5 11. Nxd5 exd5 12. Be2 c5 13. dxc5 Nxc5 {[#]} 14. Qc2 $146 Rc8 15. Be5 Nd7 16. Bc3 Bf6 17. Nd4 Nc5 18. Bg4 (18. Bd3 $5) 18... Ba6 (18... Rc7 $11 {keeps the balance.}) 19. Bxc8 $16 Qxc8 20. f3 $1 Re8 21. Kf2 $1 {[%cal Be1f2,Bf2g1,Bg1h1][%mdl 32]} Bh4+ {[#]} 22. g3 $1 {[%cal Rg3h4]} Bg5 23. Rhe1 Qh3 {[%cal Rh3h2]} 24. Kg1 Bxe3+ (24... Qc8 $142 25. b4 Bxe3+ 26. Rxe3 Rxe3) 25. Kh1 $18 Re5 26. Nf5 $40 {[%mdl 128] White wants a kill.} (26. Nc6 $18 Re6 27. Rxd5) 26... Rxf5 $2 (26... Qxf5 $16 27. Qxf5 Rxf5) 27. Rxe3 {[%cal Re3e8]} f6 28. Bb4 h5 $2 (28... Bb5 {was called for.} 29. Bxc5 bxc5) 29. Bxc5 bxc5 30. Qxc5 h4 31. g4 Re5 {[#]} 32. Kg1 $1 Rxe3 33. Qxe3 (33. Qxd5+ $142 Kf8 34. Qc5+ Kf7 35. Qxe3 Bc8 36. Qb3+ Ke7 37. Qb4+ Kf7 38. Qc4+ Be6 39. Rd7+ Kg6 40. Qxe6) 33... Kh7 34. Qf2 {Precision: White = 57%, Black = 46%.} 1-0

[Event "EICC 2017"]
[Site "Minsk"]
[Date "2017.06.06"]
[Round "7"]
[White "Moskalenko, Alexander"]
[Black "Ragger, Markus"]
[Result "1-0"]
[WhiteElo "2514"]
[BlackElo "2680"]
[Annotator "TA"]
[PlyCount "117"]
[EventDate "2017.??.??"]
[EventCountry "BLR"]
[SourceTitle "playchess.com"]
[Source "ChessBase"]
[SourceQuality "1"]

{[%evp 9,117,8,8,-10,0,-12,-4,-13,7,-11,-11,-5,-11,-10,23,2,41,43,48,50,39,38,52,35,58,58,53,48,72,29,63,38,32,33,27,0,35,26,33,37,57,59,82,70,77,39,72,82,85,65,50,37,62,68,58,59,86,84,99,81,80,65,81,61,70,55,47,0,100,98,142,24,64,64,64,61,60,61,63,20,16,19,22,0,324,303,413,407,481,470,502,472,828,399,362,354,1037,860,1372,1241,6070,5975,5773,1604,1724,591,708,622,5975,5579]} 1. d4 d5 2. c4 e6 3. Nf3 Nf6 4. e3 b6 5. Nc3 Bd6 {LiveBook: 28 Games} (5... Bb7 6. cxd5 Nxd5 7. Bb5+ c6 8. Bd3 g6 9. O-O Bg7 10. e4 Ne7 11. Bg5 O-O 12. Qc1 Nd7 13. Rd1 Rc8 14. e5 c5 {0-1 (52) Kramnik,V (2809)-Hou,Y (2651) Medias 2016}) 6. Qc2 {D35: Queen's Gambit Declined: Exchange Variation} O-O 7. cxd5 exd5 8. Nb5 {The position is equal.} Ne4 $146 ({Predecessor:} 8... Bb4+ 9. Bd2 Bxd2+ 10. Nxd2 a6 11. Nc3 c5 12. Be2 cxd4 13. exd4 {0-1 (91) Lintchevski,D (2563)-Howell,D (2685) Tallinn 2016}) 9. Nxd6 Qxd6 10. Bd3 Ba6 11. O-O c5 12. dxc5 ({But not} 12. Bxe4 dxe4 13. Qxe4 Bxf1 $17) 12... Qxc5 13. Rd1 Qe7 14. Bxa6 Nxa6 15. Qe2 Qb7 16. Bd2 Rac8 17. Be1 Nac5 18. Nd4 {[%cal Bf3d4,Bd4f5,Bf5h6,Bh6g4,Bg4e5][%mdl 32]} Ne6 19. Nf5 g6 20. Nh6+ Kg7 21. Ng4 h5 22. Ne5 Qc7 23. Nd3 Rfe8 24. f3 Nf6 25. Rac1 Qb7 26. Rxc8 Qxc8 27. Bh4 Qa6 28. b3 g5 29. Bg3 {Threatens to win with Be5.} Nc5 30. Be1 {Black must now prevent Bc3.} (30. h4 $5 {[%cal Rh4g5]} g4 31. fxg4 $14) 30... Nxd3 31. Rxd3 {Strongly threatening Bc3.} Rc8 32. Kf2 Qb7 33. Bc3 Rc6 34. Qb2 Kg6 35. Rd2 Qe7 36. Qb1+ Ne4+ 37. fxe4 Rxc3 38. exd5+ $14 {[%mdl 4096] Endgame KQR-KQR} (38. e5+ $5 Kg7 39. Qf5 $14) 38... Kh6 (38... f5 $11 39. Qe1 Qc5) 39. Qe1 $1 $16 Qe5 40. h3 (40. d6 $16 {And now d7 would win.} Rc8 41. Qd1 (41. d7 Rd8 $18)) 40... Qf5+ 41. Kg1 {Hoping for e4.} Qe4 $1 42. Rd4 $36 {[%mdl 2048] White is pushing.} Qxe3+ 43. Qxe3 Rxe3 $14 {KR-KR} 44. Kf2 (44. d6 $5 {[%cal Rd6d7]} Re8 45. Ra4 $14) 44... Re8 45. Kf3 Kg6 46. h4 Rd8 $2 {[%mdl 8192] [#]} (46... gxh4 $11 47. Rxh4 Rd8) 47. d6 $1 $18 Kf5 {[#]} 48. hxg5 $1 Ke5 49. Rd1 Rd7 50. Kg3 f6 (50... Kf5 $142 51. Kh4 Kg6) 51. gxf6 (51. Kh4 $142 fxg5+ 52. Kxg5 (52. Kxh5 Kf6 $16)) 51... Kxf6 52. Kh4 Kf5 $2 (52... Kg6 53. a4 Kf5 54. Rd5+ Ke4) 53. a4 {White is clearly winning.} a6 54. b4 b5 55. axb5 axb5 56. g3 Kg6 57. Rd5 (57. Rd4 $142 Kh6 58. Rd1) 57... Kf7 58. Kxh5 Ke8 59. Kg6 {Precision: White = 56%, Black = 30%.} 1-0

[Event "EICC 2017"]
[Site "Minsk"]
[Date "2017.06.06"]
[Round "7"]
[White "Dragnev, Valentin"]
[Black "Safarli, Eltaj"]
[Result "0-1"]
[WhiteElo "2508"]
[BlackElo "2668"]
[Annotator "TA"]
[PlyCount "132"]
[EventDate "2017.??.??"]
[EventCountry "BLR"]
[SourceTitle "playchess.com"]
[Source "ChessBase"]
[SourceQuality "1"]

{[%evp 18,132,0,7,45,46,51,52,84,20,15,-7,0,-1,69,59,60,45,59,39,38,19,26,19,22,8,24,0,0,0,0,-17,-8,-23,0,-31,-26,-38,-18,-24,-18,-21,-16,-22,0,0,0,0,0,0,0,0,0,-20,-18,-33,-27,-7,-10,-4,0,-166,-132,-195,-195,-201,-183,-196,-181,-185,-191,-181,-187,-426,-197,-228,-266,-307,-289,-269,-276,-199,-199,-199,-169,-131,-72,-29,0,0,0,0,0,0,0,0,0,-1046,-530,-929,-610,-12847,-12847,-12850,-12850,-12850,-12851,-12851,-12851,-12851,-29978,-12851,-29980,-12851,-29981,-12851,-29984]} 1. Nf3 c5 2. c4 Nc6 3. Nc3 g6 4. g3 Bg7 5. Bg2 d6 6. O-O e6 7. e3 Nge7 8. d4 O-O 9. b3 Nf5 {A37: Symmetrical English vs ...g6: 4 Bg2 Bg7 5 Nf3} (9... Re8 10. Bb2 cxd4 11. exd4 d5 12. cxd5 exd5 13. h3 Nf5 14. Ne2 b6 15. Nf4 Bb7 16. Re1 Qd6 17. h4 {0-1 (28) Flores,D (2579)-Dominguez Perez,L (2739) Doha 2016}) 10. Ne2 {LiveBook: 6 Games} b6 11. Bb2 Bb7 {White is slightly better.} 12. Qd2 e5 $146 ({Predecessor:} 12... Qe7 13. e4 Nfxd4 14. Nfxd4 cxd4 15. Nxd4 Nxd4 16. Bxd4 Bxd4 17. Qxd4 {1-0 (58) Shetty,A (2302)-Kekelidze,M (2478) Arlington 2014}) 13. dxe5 (13. d5 $16 Nb8 14. Rad1) 13... dxe5 $11 {Hoping for ...e4.} 14. Rfd1 e4 {Threatens to win with ...Qxd2.} 15. Ne1 Ne5 (15... Qe7 $11 16. Nf4 Bxb2 17. Qxb2 Ne5) 16. Nc3 $1 $14 {[%cal Be2c3,Bc3b5,Bb5d6][%mdl 32]} Qxd2 17. Rxd2 Rfe8 18. Nb5 Re7 19. Rad1 h5 20. Bh3 Ng4 21. Bxg7 Kxg7 22. Bxg4 hxg4 23. Nd6 Nh6 24. Nc2 Bc6 25. Na3 Ng8 26. Nb1 Nf6 27. Nc3 Nd7 {With the idea ...Ne5.} 28. Nd5 Bxd5 29. Rxd5 ({But not} 29. cxd5 Ne5 $17) 29... Ne5 30. Kg2 Nf3 31. h3 gxh3+ 32. Kxh3 Rh8+ 33. Kg2 $1 Rh2+ 34. Kf1 f5 35. Ke2 Ne5 36. Nc8 {[#]} Nd3 $1 {[%csl Gd3][%cal Rh2f2][%mdl 512]} 37. Rf1 $1 Rf7 38. Nd6 Rf8 39. a3 $2 (39. Nb5 $1 $11 {and White has nothing to worry.}) 39... Rg2 $1 $19 40. Nb5 (40. g4 $17) 40... Rh8 $1 41. Rd7+ Kf6 42. Nc3 Rhh2 {[%cal Rd3f2]} 43. Nd1 Rxg3 $1 44. Rxa7 f4 $1 45. Rd7 $2 {[#]} (45. exf4 Nxf4+ 46. Kd2) 45... f3+ (45... Nxf2 $142 $1 {[%mdl 512]} 46. Nxf2 (46. Rxf2 $2 f3+ 47. Kd2 Rgg2 $19) 46... fxe3) 46. Kd2 g5 47. Rxd3 exd3 48. Kxd3 {[%mdl 4096] Endgame KRR-KRN} Rgh3 49. Ke4 Rh1 50. Rxh1 Rxh1 {KR-KN} 51. Nc3 g4 (51... Ra1 $142 52. Nd5+ Ke6) 52. Kf4 $17 Rg1 53. Nd5+ Kg6 54. Nxb6 Kh5 {...Rf1 is the strong threat.} (54... Rg2 $5 {[%cal Rg6h5]} 55. Nd7 Rxf2 56. Kxg4 Rd2 57. Ne5+ Kf6 58. Nxf3 Rd3 $11) 55. Nd7 Kh4 {Strongly threatening ...Rf1.} 56. Nxc5 Rb1 57. Nd3 $2 {[%mdl 8192]} (57. Ne4 $11) 57... Rxb3 $19 58. Ne5 {[#]} Rb8 $1 59. Nxf3+ gxf3 60. Kxf3 {KR-KP} Rc8 61. Kf4 Rxc4+ 62. e4 Kh5 63. Ke5 Kg6 (63... Ra4 $19 64. Kf5 Kh6) 64. f4 Ra4 65. f5+ Kf7 66. Kf4 Kf6 {Precision: White = 50%, Black = 72%.} (66... Rxa3 $19 67. Kg4 Kf6 68. Kf4 Ra4 69. Ke3 Ke5 70. Kd3 Rd4+ 71. Kc3 Kxe4 72. f6 Ke3 73. f7 Rf4 74. f8=Q Rxf8 75. Kb4 Kd4 76. Kb5 Rf6 77. Kb4 Rb6+ 78. Ka5 Kc5 79. Ka4 Kc4 80. Ka3 Rb8 81. Ka2 Kc3 82. Ka1 Kc2 83. Ka2 Ra8#) 0-1

[Event "EICC 2017"]
[Site "Minsk"]
[Date "2017.06.06"]
[Round "7"]
[White "Sviridov, Valery"]
[Black "Swiercz, Dariusz"]
[Result "1/2-1/2"]
[WhiteElo "2504"]
[BlackElo "2649"]
[Annotator "TA"]
[PlyCount "51"]
[EventDate "2017.??.??"]
[EventCountry "BLR"]
[SourceTitle "playchess.com"]
[Source "ChessBase"]
[SourceQuality "1"]

{[%evp 17,51,10,34,0,-5,-6,-6,-8,10,6,9,-29,-41,-41,-39,-53,-42,-46,-45,-51,-8,-8,-8,-7,-7,-8,-11,-10,0,0,10,10,8,7,8,10]} 1. d4 Nf6 2. Nf3 g6 3. c4 Bg7 4. g3 O-O 5. Bg2 c5 6. Nc3 d6 7. O-O Nc6 8. dxc5 dxc5 9. Bf4 Nh5 10. Bg5 {E65: King's Indian: Fianchetto: 6...c5 7 0-0 without d5 by White} (10. Be3 Nd4 11. Qc1 Qa5 12. Re1 Be6 13. Nd2 Rfd8 14. Nb3 Qb4 15. Nd5 Bxd5 16. cxd5 Rac8 17. Bd2 Qb5 18. Qd1 Nf6 {0-1 (58) Yevseev,D (2526)-Howell,D (2685) Tallinn 2016}) 10... Bxc3 11. bxc3 Be6 $146 ({Predecessor:} 11... Qc7 12. Qd5 Na5 13. Be3 b6 14. Qxa8 Bb7 15. Qxa7 Ra8 16. Qxa8+ Bxa8 17. Nd2 Bxg2 18. Kxg2 {0-1 (42) Sviridov,V (2515)-Abhishek,K (2381) Moscow 2017}) 12. Qa4 Qc7 13. Rfd1 Rac8 14. Bh6 Rfd8 15. Rxd8+ Rxd8 16. Ng5 Bd7 $1 17. Bd5 Be8 18. Qc2 Nf6 19. Rd1 {The position is equal.} e6 20. Ne4 $1 $132 {[%cal Re4f6][%mdl 2048] White is not keeping still} Nxe4 $1 21. Bxe4 Rxd1+ (21... Qe7 {with more complications.} 22. Bf4 f6 23. Bxc6 Bxc6 24. Rxd8+ Qxd8 25. Qd3 Qxd3 26. exd3 e5) 22. Qxd1 f6 23. Bf4 Qd7 24. Qxd7 Bxd7 25. Bd6 b6 26. Bxc6 {Precision: White = 73%, Black = 73%.} 1/2-1/2

[Event "EICC 2017"]
[Site "Minsk"]
[Date "2017.06.06"]
[Round "7"]
[White "Jurcik, Marian"]
[Black "Maze, Sebastien"]
[Result "0-1"]
[WhiteElo "2501"]
[BlackElo "2619"]
[Annotator "TA"]
[PlyCount "82"]
[EventDate "2017.??.??"]
[EventCountry "BLR"]
[SourceTitle "playchess.com"]
[Source "ChessBase"]
[SourceQuality "1"]

{[%evp 21,82,56,55,35,45,27,36,22,28,31,31,26,33,25,35,33,35,20,20,24,22,25,55,0,0,0,0,0,0,0,0,0,0,0,0,-5,-9,-22,-31,-51,-16,-95,-89,-98,-89,-95,-4,-132,0,0,0,0,0,0,0,-420,-407,-437,-428,-462,-455,-451,-429]} 1. e4 c5 2. Nf3 Nc6 3. d4 cxd4 4. Nxd4 e5 5. Nb5 a6 6. Nd6+ Bxd6 7. Qxd6 Qf6 8. Qxf6 Nxf6 9. Nc3 Nb4 10. Bd3 d6 {B32: Sicilian: Löwenthal and Kalashnikov Variations} (10... h6 11. Be3 Nxd3+ 12. cxd3 d6 13. f4 Bd7 14. Kd2 Bc6 15. Rhf1 Rd8 16. Bb6 Rc8 17. a4 exf4 18. Rxf4 {½-½ (38) Papp,G (2608)-Jankovic,A (2557) Hungary 2016}) 11. Bg5 Be6 {LiveBook: 4 Games} 12. Bxf6 gxf6 {White is slightly better.} 13. O-O-O $146 (13. f4 $5) ({Predecessor:} 13. a3 Nc6 14. Rf1 O-O-O 15. f4 Ne7 16. f5 Bd7 17. Bc4 Rdf8 18. O-O-O {0-1 (47) Eiriksson Vikingur,F (1882)-De Oliveira,L ICC INT 2009}) 13... Rc8 14. a3 Na2+ 15. Nxa2 Bxa2 16. Rd2 Rg8 17. g3 Be6 18. Kb1 Ke7 19. a4 Rc5 20. Rhd1 Rgc8 21. b3 h6 22. c4 ({White should try} 22. Kb2 $14) 22... b5 $1 $11 {[%cal Rb5c4]} 23. axb5 axb5 24. b4 ({Much worse is} 24. cxb5 Bxb3 25. Re1 d5 $17) 24... R5c7 $36 {[%mdl 2048] Black has good play.} 25. cxb5 Rc3 26. Rc2 Rb3+ 27. Kc1 Ra8 {Hoping for ...Ra1+.} 28. Kd2 Raa3 29. Be2 Rxb4 30. Rc7+ Kf8 31. f3 {[#]} (31. Bd3 $11) 31... Rb2+ $1 $17 32. Ke1 {[#]} Raa2 $1 33. Bf1 Rf2 (33... Kg7 $17 34. h3 (34. Rxd6 Rxh2 35. Rdc6 f5 $17) 34... Bb3) 34. Rc3 (34. b6 $11 Rxf3 35. Be2) 34... Bh3 ({Better is} 34... Rxh2 $17 35. b6 Rab2) 35. Bc4 $11 Rab2 36. Rb3 Rbc2 37. Bd3 Ra2 38. Ra1 $2 {[%mdl 8192] [#]} (38. Ra3 $1 $11) 38... Rf1+ $1 $19 {[%mdl 512]} 39. Bxf1 Rxa1+ {Black is clearly winning.} 40. Kf2 Rxf1+ 41. Ke2 {And now b6 would win.} Be6 {Precision: White = 39%, Black = 71%.} 0-1

[Event "EICC 2017"]
[Site "Minsk"]
[Date "2017.06.06"]
[Round "7"]
[White "Matinian, Nikita"]
[Black "Mista, Aleksander"]
[Result "1/2-1/2"]
[WhiteElo "2491"]
[BlackElo "2606"]
[Annotator "TA"]
[PlyCount "101"]
[EventDate "2017.??.??"]
[EventCountry "BLR"]
[SourceTitle "playchess.com"]
[Source "ChessBase"]
[SourceQuality "1"]

{[%evp 21,101,9,13,13,34,19,51,47,43,37,63,58,46,49,49,47,45,36,62,76,101,97,101,87,96,87,95,88,80,89,93,81,82,63,78,60,53,0,0,0,0,0,0,0,0,0,0,0,0,0,0,0,0,0,0,0,0,0,0,0,0,0,0,0,0,0,0,0,0,0,0,0,0,0,0,0,0,0,0,0,0,0]} 1. e4 c5 2. Nf3 g6 3. d4 cxd4 4. Qxd4 Nf6 5. Nc3 Nc6 6. Qa4 d6 7. e5 dxe5 8. Nxe5 Bg7 {B27: Sicilian: 2 Nf3, unusual Black 2nd moves} (8... Bd7 9. Nxd7 Qxd7 10. Be3 Bg7 11. Rd1 Qg4 12. Rd4 Qf5 13. Bd3 Qe5 14. Rb4 Qc7 15. Bb5 O-O 16. Rc4 {0-1 (36) Wei,Y (2706)-Bu,X (2681) China 2015}) 9. Bb5 O-O 10. Nxc6 bxc6 11. Bxc6 Bd7 {LiveBook: 3 Games} 12. O-O Bxc6 13. Qxc6 Rc8 $146 ({Predecessor:} 13... Qa5 14. Re1 e6 15. Qa4 Qf5 16. Ne4 {½-½ (47) Drljevic,L (2237)-Gajcin,M (2203) Zemun 2017}) 14. Qa6 Qc7 15. h3 Rb8 16. Rb1 Rb6 17. Qa3 $36 {[%mdl 2048] White is more active.} Rfb8 18. Be3 R6b7 19. Rfd1 a5 20. Na4 e6 21. Nc5 Bf8 22. Qc3 Bxc5 23. Qxc5 ({Don't blunder} 23. Bxc5 $2 Ne4 $19) 23... Qxc5 24. Bxc5 Nd5 25. Bd4 Rc8 26. Rbc1 Rbc7 27. c3 f6 28. g3 g5 29. b3 (29. f3 $14) 29... Nxc3 $11 {The position is equal.} 30. Bxc3 Rxc3 31. Rxc3 Rxc3 {[%mdl 4096] Endgame KR-KR} 32. Rd7 Rc2 33. a4 h5 34. Rb7 Rb2 35. Kg2 g4 36. Rb5 f5 37. hxg4 hxg4 38. Rxa5 {Black must now prevent Rb5.} Rxb3 39. Ra7 Kf8 40. a5 {[%cal Ba4a5,Ba5a6][%mdl 32]} Ra3 41. a6 e5 42. Kf1 Ra2 43. Kg1 f4 44. gxf4 exf4 45. Rh7 {aiming for a7.} Rxa6 46. Rh4 Rg6 {[#]} 47. f3 $1 {[%mdl 512]} gxf3+ 48. Kf2 Kf7 49. Rxf4+ Rf6 50. Kxf3 Rxf4+ 51. Kxf4 {Precision: White = 76%, Black = 88%.} 1/2-1/2